| 000 | 00463nam a2200169Ia 4500 | ||
|---|---|---|---|
| 008 | 230917s9999||||xx |||||||||||||| ||und|| | ||
| 020 | _cRS1595 | ||
| 040 |
_e231917 _aMAIN |
||
| 041 | _aEnglish | ||
| 082 | _a647.940682 C429A | ||
| 100 | _aChabbra, Mahendra Singh | ||
| 245 | 0 | _aAdvance hotel engineering | |
| 260 |
_aNew Delhi _bRandom Publications _c2015 |
||
| 300 | _avi, 268 p. | ||
| 500 | _a2282 10/02/2016 HBD15/1610 11/02/2016 IHTM (SFS) | ||
| 942 | _cBK | ||
| 999 |
_c18137 _d18137 |
||